00336nam a2200121 a 4500008004100000020001500041050001600056245002800072246005300100260003200153300002000185350000900205120416s0000 ||||||||||||||||| || u a0256094160 aHF 5635 Fin10aOriginal pronouncements aaccounting standards as of June 1, 1990, vol. 11 aHomewood, Ill.bIrwinc1990 av, 1531p. : ill a0.00